LEADER 01626nam 2200373Ia 450 001 996396208503316 005 20200818211410.0 035 $a(CKB)4940000000056793 035 $a(EEBO)2264201388 035 $a(OCoLC)ocm12246010e 035 $a(OCoLC)12246010 035 $a(EXLCZ)994940000000056793 100 $a19850709d1685 uy | 101 0 $aeng 135 $aurbn||||a|bb| 200 12$aA catalogue of the nobility of England, according to their respective precedencies$b[electronic resource] /$fas it was presented to His Majesty by John Dugdale, Esq. ... on New-years-day, 1684 ... ; to which is added the blazon of their paternal coats of arms respectively, and a list of the present bishops 210 $aLondon $cPrinted for Robert Clavell ...$d1685 215 $a1 broadside $cill 300 $a"Jan. 21. 1684. I do order and appoint that his list be printed; and that none other be printed without my allowance. Norfolk and Marshal." 300 $aAdvertisement at foot of sheet. 300 $aThis work appears as Wing D2471 on reel 141 and as Wing C1406 on reel 1664. 300 $aEntry for C1406 cancelled in Wing (2nd ed.) 300 $aReproduction of originals in the British Library and the Bodleian Library. 330 $aeebo-0018 606 $aNobility$zGreat Britain 606 $aHeraldry$zEngland 615 0$aNobility 615 0$aHeraldry 700 $aDugdale$b John$01008954 801 0$bEAA 906 $aBOOK 912 $a996396208503316 996 $aA catalogue of the nobility of England, according to their respective precedencies$92328294 997 $aUNISA LEADER 02713oam 2200685 450 001 9910703827303321 005 20160219123759.0 035 $a(CKB)5470000002435461 035 $a(OCoLC)915356950 035 $a(EXLCZ)995470000002435461 100 $a20150803d2015 ua 0 101 0 $aeng 135 $aurmn||||||||| 181 $ctxt$2rdacontent 182 $2rdamedia 183 $2rdacarrier 200 10$aContinuation of the national emergency with respect to the former Liberian regime of Charles Taylor $ecommunication from the President of the United States transmitting a notification that the national emergency, with respect to the former Liberian regime of Charles Taylor, originally declared on July 22, 2004, by Executive Order 13348, is to continue in effect beyond July 22, 2015, pursuant to 50 U.S.C. 1622(d) 210 1$aWashington :$cU.S. Government Publishing Office,$d2015. 215 $a1 online resource (3 pages) 225 1 $aHouse document / 114th Congress, 1st session ;$v114-48 300 $a"Referred to the Committee on Foreign Affairs." 300 $a"July 20, 2015." 300 $aTitle from title screen (viewed Aug. 3, 2015). 517 $aContinuation of the national emergency with respect to the former Liberian regime of Charles Taylor 606 $aEconomic sanctions, American$zLiberia 606 $aLiberian property$zUnited States 606 $aEconomic sanctions, American$2fast 606 $aInternational economic relations$2fast 606 $aLiberian property$2fast 606 $aPolitics and government$2fast 607 $aUnited States$xForeign economic relations$zLiberia 607 $aLiberia$xForeign economic relations$zUnited States 607 $aLiberia$xPolitics and government$y1980- 607 $aLiberia$2fast 607 $aUnited States$2fast 608 $aLegislative materials.$2fast 608 $aLegislative materials.$2lcgft 615 0$aEconomic sanctions, American 615 0$aLiberian property 615 7$aEconomic sanctions, American. 615 7$aInternational economic relations. 615 7$aLiberian property. 615 7$aPolitics and government. 702 $aObama$b Barack 712 02$aUnited States.$bCongress.$bHouse.$bCommittee on Foreign Affairs, 801 0$bGPO 801 1$bGPO 801 2$bGPO 801 2$bSTF 801 2$bOCLCO 801 2$bCOO 801 2$bOCLCO 801 2$bOCLCF 801 2$bUBY 801 2$bOCLCO 801 2$bGPO 906 $aBOOK 912 $a9910703827303321 996 $aContinuation of the national emergency with respect to the former Liberian regime of Charles Taylor$93533943 997 $aUNINA